000 00493cam a2200193ua 4500
001 6820
005 20260515114118.0
008 140328n ii |||gr||||Z||||||asm
040 _cMAIN
082 _a657.2
245 _aGananikya paricaya
_cBy Purna Borgohain
250 _a4th ed.
260 _aDibrugarh:
_bPathyaputhi prastuti samanay samiti,
_c1982.
300 _ax,294p.
653 _aAccounting
653 _aGananikya paricaya
700 _aBorgohain, Purna,
_eAuthor.,
942 _cBK
999 _c5963
_d5963